Geography Quiz

Random Geography or State Quiz

French overseas territories Quiz Stats

 Plays Quiz not verified by Sporcle

Score 0/13 Timer 10:00
0 Plays Today
Location and population Territory % Correct
Indian Ocean - 827,000Réunion
88.3%
South America - 229,000French Guiana
86.9%
Caribbean - 397,730Martinique
85.5%
Caribbean - 405,500Guadeloupe
83.3%
Pacific Ocean - 264,000French Polynesia
83%
Pacific Ocean - 249,000New Caledonia
80.1%
Caribbean - 35,925Saint Martin
77.7%
Indian Ocean - 194,000Mayotte
72%
Atlantic Ocean - 7,063Saint Pierre and Miquelon
68.4%
Pacific Ocean - 15,289Wallis and Futuna
61%
Caribbean - 7,448Saint Barthélemy
57.4%
Indian Ocean and Antarctica - 140French Southern and Antarctic Lands
56.4%
Pacific Ocean - 0Clipperton Island
51.8%

You're not logged in!

Compare scores with friends on all Sporcle quizzes.
OR
Log In

Show Comments

Extras

Top Quizzes Today


Score Distribution

Your Account Isn't Verified!

In order to create a playlist on Sporcle, you need to verify the email address you used during registration. Go to your Sporcle Settings to finish the process.

Report this User

Report this user for behavior that violates our Community Guidelines.

Details: